Mister king / (Registro nro. 13184)
[ vista simple ]
| 000 -LEADER | |
|---|---|
| fixed length control field | 01155nam a22003377a 4500 |
| 001 - CONTROL NUMBER | |
| control field | 0000385 |
| 003 - CONTROL NUMBER IDENTIFIER | |
| control field | DO-SdBNP |
| 005 - DATE AND TIME OF LATEST TRANSACTION | |
| control field | 20171128154159.0 |
| 007 - PHYSICAL DESCRIPTION FIXED FIELD--GENERAL INFORMATION | |
| fixed length control field | 0000385 |
| 008 - FIXED-LENGTH DATA ELEMENTS--GENERAL INFORMATION | |
| fixed length control field | 150817s 1986 xxu a spa d |
| 020 ## - INTERNATIONAL STANDARD BOOK NUMBER | |
| International Standard Book Number | 0153021659 |
| 040 ## - CATALOGING SOURCE | |
| Original cataloging agency | BPMSU |
| Language of cataloging | spa |
| Transcribing agency | BPMSU |
| 082 ## - DEWEY DECIMAL CLASSIFICATION NUMBER | |
| Classification number | xxxx |
| Item number | xxxx |
| 100 1# - MAIN ENTRY--PERSONAL NAME | |
| Personal name | Siekkinen, Raija |
| 245 10 - TITLE STATEMENT | |
| Title | Mister king / |
| Statement of responsibility, etc. | Raija Siekkinen ; ilustración Hannu Taina ; traducción Tim Steffa |
| 260 ## - PUBLICATION, DISTRIBUTION, ETC. (IMPRINT) | |
| Place of publication, distribution, etc. | Orlando, Miami : |
| Name of publisher, distributor, etc. | Harcourt Brace & company, |
| Date of publication, distribution, etc. | 1986. |
| 300 ## - PHYSICAL DESCRIPTION | |
| Extent | [32] p : |
| Other physical details | il. |
| Dimensions | 27 cm. |
| 500 ## - GENERAL NOTE | |
| General note | Bienal de ilustraciones Bratislava. |
| 500 ## - GENERAL NOTE | |
| General note | Exposición internacional de libros para niños. |
| 650 #4 - SUBJECT ADDED ENTRY--TOPICAL TERM | |
| Topical term or geographic name as entry element | EDUCACIÓN CÍVICA |
| General subdivision | ENSEÑANZA SECUNDARIA |
| 650 #4 - SUBJECT ADDED ENTRY--TOPICAL TERM | |
| Topical term or geographic name as entry element | EDUCACIÓN SECUNDARIA |
| Geographic subdivision | REPÚBLICA DOMINICANA |
| 650 #4 - SUBJECT ADDED ENTRY--TOPICAL TERM | |
| Topical term or geographic name as entry element | EDUCACIÓN ÍVICA |
| General subdivision | LIBROS DE TEXTOS |
| 650 #4 - SUBJECT ADDED ENTRY--TOPICAL TERM | |
| Topical term or geographic name as entry element | CÍVICA |
| General subdivision | ESTUDIOS Y EJERCICIOS |
| 650 #4 - SUBJECT ADDED ENTRY--TOPICAL TERM | |
| Topical term or geographic name as entry element | EDUCACIÓN CÍVICA |
| General subdivision | EDUCACIÓN SECUNDARIA |
| 700 1# - ADDED ENTRY--PERSONAL NAME | |
| Personal name | Taina, Hannu |
| Relator term | il. |
| 700 1# - ADDED ENTRY--PERSONAL NAME | |
| Personal name | Steffa, Tim |
| Relator term | trad. |
| 910 ## - USER-OPTION DATA (OCLC) | |
| User-option data | Validado. Control de calidad MFF |
| 942 ## - ADDED ENTRY ELEMENTS (KOHA) | |
| Source of classification or shelving scheme | Dewey Decimal Classification |
| Koha item type | Libros |
| 945 ## - LOCAL PROCESSING INFORMATION (OCLC) | |
| a | Inventariado extranjero / 2017 YL |
| 956 ## - LOCAL ELECTRONIC LOCATION AND ACCESS (OCLC) | |
| Host name | YLOCKWARD |
| Access number | 10 |
| Compression information | 20171128 |
| Path | 00144 |
| Withdrawn status | Lost status | Source of classification or shelving scheme | Damaged status | Not for loan | Collection code | Home library | Current library | Date acquired | Source of acquisition | Total Checkouts | Full call number | Barcode | Date last seen | Price effective from | Koha item type |
|---|---|---|---|---|---|---|---|---|---|---|---|---|---|---|---|
| Dewey Decimal Classification | Colección Infantil General | Biblioteca Pública Metropolitana Salomé Ureña | Biblioteca Pública Metropolitana Salomé Ureña | 11/28/2017 | Sin sellar | xxxx xxxx | BPMSU17110513 | 11/28/2017 | 11/28/2017 | Libros |